| 000 | 01054nam a2200361 i 4500 | ||
|---|---|---|---|
| 001 | 21825 | ||
| 003 | KOSZ 005 | ||
| 005 | 20210705082111.0 | ||
| 008 | 991116s1982 pl a f |000 0 pol | ||
| 015 | _aPB 1982/7368 | ||
| 020 | _a8320201853 | ||
| 035 | _a(OCoLC)749808370 | ||
| 040 |
_aWA N _cWA N _dKOSZ 005/EG |
||
| 041 | 0 | _apol | |
| 046 | _k1982 | ||
| 080 | _a535 | ||
| 080 | _a331.82 | ||
| 080 | _a159.93 | ||
| 080 | _a612.84/.88 | ||
| 100 | 1 |
_aKonarski, Stefan. _eAutor |
|
| 245 | 1 | 0 |
_aŚwiatło i barwa / _cStefan Konarski. |
| 260 |
_aWarszawa : _bInstytut Wydawniczy Związków Zawodowych, _c1982. |
||
| 300 |
_a111, [1] s. : _bil. tab. wykr. ; _c20 cm. |
||
| 380 | _aKsiążki. | ||
| 490 | 1 | _aFizjologia i Higiena Pracy. | |
| 504 | _aBibliogr. s. 110. | ||
| 650 | 4 | _aOświetlenie | |
| 650 | 4 | _aBHP | |
| 650 | 4 | _aBarwy | |
| 830 | 0 | _aFizjologia i Higiena Pracy. | |
| 856 |
_uhttp://koha.tu.koszalin.pl/cgi-bin/koha/opac-detail.pl?biblionumber=21825 _yKatalog online BPK |
||
| 942 |
_2UKD _cKS |
||
| 999 |
_c21825 _d21825 |
||